[Event "Morava Region-chTA"]
[Site "Czech Republic"]
[Date "2025.02.09"]
[Round "8.2"]
[White "Pindjak, Michal"]
[Black "Fojtik, Vlastislav"]
[Result "0-1"]
[WhiteElo "1840"]
[BlackElo "1995"]
[PlyCount "117"]
[EventDate "2024.10.13"]
[EventType "team-tourn"]
[EventRounds "11"]
[EventCountry "CZE"]
[SourceTitle "CB16_2025"]
[SourceDate "2025.04.16"]
[SourceVersion "1"]
[SourceVersionDate "2025.04.16"]
[SourceQuality "1"]
[WhiteTeam "Fulnek"]
[BlackTeam "Rymarov Jiskra"]
[WhiteTeamCountry "CZE"]
[BlackTeamCountry "CZE"]

1. e4 d6 2. Nf3 Nf6 3. Nc3 g6 4. d4 c6 5. Bg5 Bg7 6. Bc4 b5 7. Bb3 b4 8. e5 bxc3 9. exf6 exf6 10. Qe2+ Qe7 11. Qxe7+ Kxe7 12. Bc1 cxb2 13. Bxb2 Rd8 14. 0-0 Kf8 15. Rfe1 Kg8 16. Re7 d5 17. Rae1 Bd7 18. c4 Bf8 19. R7e3 Be6 20. cxd5 cxd5 21. h3 Nd7 22. R3e2 Rac8 23. Rc1 Nb6 24. Rxc8 Rxc8 25. Rc2 Rxc2 26. Bxc2 Nc4 27. Bc1 Bd6 28. Ne1 h5 29. Nd3 g5 30. Bd1 h4 31. f4 Be7 32. Kf2 Kg7 33. Kf3 Kg6 34. Nc5 Bf5 35. Ba4 Bb1 36. a3 Nd6 37. Bc6 Nf5 38. Bb2 Ba2 39. Nd3 Bd6 40. Nb4 Ne7 41. Ba4 Bb1 42. fxg5 Be4+ 43. Kf2 fxg5 44. Bc2 Bg3+ 45. Ke2 Kf5 46. a4 Bd6 47. Bxe4+ Kxe4 48. Nd3 f6 49. Nf2+ Kf4 50. Ng4 Kg3 51. Ne3 Bf4 52. Ng4 f5 53. Nf6 Kxg2 54. Ba3 Nc6 55. Bc5 Kxh3 56. Nxd5 Kg3 57. Ne3 Bxe3 58. Kxe3 f4+ 59. Ke2 0-1

[Event "Morava Region-chTA"]
[Site "Czech Republic"]
[Date "2024.10.13"]
[Round "1.2"]
[White "Hrbacek, Miroslav"]
[Black "Pindjak, Michal"]
[Result "1/2-1/2"]
[WhiteElo "1915"]
[BlackElo "1840"]
[PlyCount "40"]
[EventDate "2024.10.13"]
[EventType "team-tourn"]
[EventRounds "11"]
[EventCountry "CZE"]
[SourceTitle "CB16_2025"]
[SourceDate "2025.04.16"]
[SourceVersion "1"]
[SourceVersionDate "2025.04.16"]
[SourceQuality "1"]
[WhiteTeam "Albrechtice Tatran"]
[BlackTeam "Fulnek"]
[WhiteTeamCountry "CZE"]
[BlackTeamCountry "CZE"]

1. c4 e5 2. Nc3 Nf6 3. g3 Bc5 4. Bg2 0-0 5. e3 a6 6. Nge2 d6 7. 0-0 Nc6 8. d4 Ba7 9. b3 Bg4 10. d5 Ne7 11. h3 Bh5 12. Qd3 Bg6 13. e4 Nd7 14. Be3 Nc5 15. Qd2 f5 16. b4 Nxe4 17. Nxe4 Bxe3 18. Qxe3 fxe4 19. Bxe4 Bxe4 20. Qxe4 Ng6 1/2-1/2

[Event "Bohumin op 1st"]
[Site "Bohumin"]
[Date "2018.05.27"]
[Round "8"]
[White "Pindjak, Michal"]
[Black "Neumann, Karel"]
[Result "1-0"]
[WhiteElo "1806"]
[BlackElo "1328"]
[PlyCount "71"]
[EventDate "2018.05.20"]
[EventType "swiss"]
[EventRounds "8"]
[EventCountry "CZE"]
[SourceTitle "CBM 184 Extra"]
[Source "ChessBase"]
[SourceDate "2018.06.28"]
[SourceVersion "1"]
[SourceVersionDate "2018.06.28"]
[SourceQuality "1"]

1. e4 e6 2. d4 d5 3. e5 c5 4. c3 Nc6 5. Nf3 Be7 6. Be2 Bd7 7. 0-0 f6 8. Be3 Qb6 9. Qd2 0-0-0 10. dxc5 Bxc5 11. Bxc5 Qxc5 12. b4 Qb6 13. a4 Nxe5 14. Nxe5 fxe5 15. Qg5 Nf6 16. Qxe5 Qc7 17. Qe3 Kb8 18. Nd2 Rhf8 19. b5 Rc8 20. Rfc1 Qc5 21. Qg3+ Rc7 22. Nb3 Ne4 23. Nxc5 Nxg3 24. Nxd7+ Rxd7 25. hxg3 Rdf7 26. Bf3 g5 27. Re1 g4 28. Bxg4 e5 29. Rxe5 Rxf2 30. Bf3 Rc2 31. Rxd5 Rxc3 32. Rd7 Kc8 33. Rxh7 Rg8 34. g4 Rc5 35. Rxb7 a6 36. bxa6 1-0

[Event "Bohumin op 1st"]
[Site "Bohumin"]
[Date "2018.05.25"]
[Round "6"]
[White "Pindjak, Michal"]
[Black "Sebesta, Jan2"]
[Result "0-1"]
[WhiteElo "1806"]
[BlackElo "1563"]
[PlyCount "82"]
[EventDate "2018.05.20"]
[EventType "swiss"]
[EventRounds "8"]
[EventCountry "CZE"]
[SourceTitle "CBM 184 Extra"]
[Source "ChessBase"]
[SourceDate "2018.06.28"]
[SourceVersion "1"]
[SourceVersionDate "2018.06.28"]
[SourceQuality "1"]

1. e4 e5 2. Nf3 Nc6 3. Bb5 a6 4. Ba4 Nf6 5. 0-0 b5 6. Bb3 Be7 7. c3 0-0 8. d4 exd4 9. e5 Ne4 10. Bd5 Nc5 11. cxd4 Nb7 12. Nbd2 Nb4 13. Be4 d5 14. Bb1 c5 15. a3 Nc6 16. Qc2 g6 17. Nb3 Bf5 18. Qe2 Bxb1 19. Rxb1 c4 20. Nc5 Nxc5 21. dxc5 Bxc5 22. e6 Qe7 23. Ng5 Nd4 24. Qg4 Nxe6 25. Re1 Qf6 26. Qh4 Nxg5 27. Bxg5 Bxf2+ 28. Qxf2 Qxg5 29. h4 Qd8 30. h5 Qg5 31. hxg6 hxg6 32. Re3 Rae8 33. Rg3 Qe5 34. Rh3 Re6 35. Rf1 d4 36. Qh4 Qg7 37. Rf4 d3 38. Rd4 Re2 39. Rd8 Rfe8 40. Qg5 Re1+ 41. Kf2 Qxb2+ 0-1

[Event "Ostrava Konik op"]
[Site "Ostrava"]
[Date "2014.05.04"]
[Round "9"]
[White "Rychtecky, Pavel"]
[Black "Pindjak, Michal"]
[Result "1-0"]
[WhiteElo "1717"]
[BlackElo "1766"]
[PlyCount "85"]
[EventDate "2014.04.26"]
[EventType "swiss"]
[EventRounds "9"]
[EventCountry "CZE"]
[SourceTitle "CBM 160 Extra"]
[Source "ChessBase"]
[SourceDate "2014.07.01"]
[SourceVersion "1"]
[SourceVersionDate "2014.07.01"]
[SourceQuality "1"]

1. d4 d5 2. Bf4 Nf6 3. Nf3 e6 4. e3 Bd6 5. Ne5 Nbd7 6. Bd3 g6 7. h3 Nh5 8. 0-0 Nxf4 9. exf4 Qh4 10. Qg4 Qxg4 11. hxg4 f6 12. Nxd7 Bxd7 13. g3 0-0-0 14. Nd2 f5 15. g5 h5 16. gxh6 Rxh6 17. Kg2 c5 18. dxc5 Bxc5 19. Rh1 Rdh8 20. Rxh6 Rxh6 21. Nf3 Bd6 22. Re1 Rh8 23. Nd4 Re8 24. Nf3 Kc7 25. Nh4 Rg8 26. Nf3 Re8 27. Re2 Bc6 28. Nd4 Kd7 29. c3 Bc5 30. Nxc6 bxc6 31. b4 Bb6 32. c4 Re7 33. a4 Bd8 34. c5 Bc7 35. b5 e5 36. fxe5 Rxe5 37. Rb2 Re8 38. b6 axb6 39. cxb6 Rb8 40. a5 Be5 41. a6 Bxb2 42. a7 Be5 43. b7 1-0

[Event "Ostrava Konik op"]
[Site "Ostrava"]
[Date "2014.05.01"]
[Round "6"]
[White "Pindjak, Michal"]
[Black "Cubok, Milan"]
[Result "1/2-1/2"]
[WhiteElo "1766"]
[BlackElo "1824"]
[PlyCount "85"]
[EventDate "2014.04.26"]
[EventType "swiss"]
[EventRounds "9"]
[EventCountry "CZE"]
[SourceTitle "CBM 160 Extra"]
[Source "ChessBase"]
[SourceDate "2014.07.01"]
[SourceVersion "1"]
[SourceVersionDate "2014.07.01"]
[SourceQuality "1"]

1. e4 c5 2. Nc3 e6 3. f4 a6 4. Nf3 Nc6 5. d3 b5 6. a3 Bb7 7. Be2 d6 8. 0-0 Qc7 9. Qe1 Be7 10. Qg3 Bf6 11. f5 Nge7 12. fxe6 fxe6 13. Bf4 0-0-0 14. Ng5 Bxg5 15. Bxg5 Rdf8 16. Bg4 Nd4 17. Bf4 Kd7 18. Rf2 Kc6 19. Raf1 Ng6 20. Be3 Qe7 21. Bxd4 cxd4 22. Ne2 e5 23. Bf5 Rf6 24. c3 dxc3 25. Rc1 Kc7 26. Rxc3+ Kb8 27. Rf1 d5 28. Rfc1 Qd6 29. Rc5 dxe4 30. dxe4 Rhf8 31. b4 Re8 32. Qe1 Ne7 33. Rd1 Qb6 34. Bd7 Ref8 35. Qc3 Nc6 36. Bxc6 Bxc6 37. Qxe5+ Ka8 38. Ng3 g6 39. Qd4 h5 40. e5 Re6 41. Rf1 Rd8 42. Qc3 Rd5 43. Kh1 1/2-1/2

[Event "Ostrava Konik op"]
[Site "Ostrava"]
[Date "2014.04.27"]
[Round "2"]
[White "Pindjak, Michal"]
[Black "Albertovic, Lukas"]
[Result "0-1"]
[WhiteElo "1766"]
[BlackElo "1923"]
[PlyCount "68"]
[EventDate "2014.04.26"]
[EventType "swiss"]
[EventRounds "9"]
[EventCountry "CZE"]
[SourceTitle "CBM 160 Extra"]
[Source "ChessBase"]
[SourceDate "2014.07.01"]
[SourceVersion "1"]
[SourceVersionDate "2014.07.01"]
[SourceQuality "1"]

1. e4 e5 2. Nf3 Nc6 3. Bc4 Nf6 4. d3 Bc5 5. h3 d6 6. c3 Be6 7. Bxe6 fxe6 8. Qb3 Qd7 9. Be3 Bxe3 10. fxe3 0-0-0 11. Nbd2 d5 12. 0-0-0 Rhe8 13. d4 exd4 14. exd4 dxe4 15. Ne5 Qd5 16. Ndc4 Na5 17. Nxa5 Qxa5 18. Rhf1 Rd6 19. Nc4 Qg5+ 20. Kb1 Rc6 21. g4 Nd5 22. Ne5 Rb6 23. Qa3 Qd8 24. Rf7 Qd6 25. Qa5 Ra6 26. Qb5 Nxc3+ 27. bxc3 Rb6 28. Qxb6 Qxb6+ 29. Kc2 Qa6 30. Rxg7 Qxa2+ 31. Kc1 e3 32. Rxh7 Rf8 33. Rf7 Rxf7 34. Nxf7 Qf2 0-1